La formación del abogado - escribano /
Guardado en:
| Autor Principal: | |
|---|---|
| Otros Autores: | |
| Formato: | Libro |
| Idioma: | Spanish |
| Publicado: |
Mendoza :
Universidad del Aconcagua,
2014.
|
| Edición: | 1a. ed. |
| Materias: | |
| Etiquetas: |
Agregar Etiqueta
Sin Etiquetas, Sea el primero en etiquetar este registro!
|
| LEADER | 00733nam a22001935a 4500 | ||
|---|---|---|---|
| 001 | DER.der014533 | ||
| 008 | 191129s2014####ag############000#0#spa#d | ||
| 005 | 20241115134018.0 | ||
| 245 | 1 | 0 | |a La formación del abogado - escribano / |c Gustavo Castiñeira de Dios, Verónica Galli Vacotto. |
| 250 | |a 1a. ed. | ||
| 260 | |a Mendoza : |b Universidad del Aconcagua, |c 2014. | ||
| 300 | |a 282 p. | ||
| 505 | 0 | |a Conocimiento jurídico. Modelos pedagógicos. Objetivos. Historia. Sistemas comparados. Datos estadísticos. Carrera notarial | |
| 020 | |a 9789871511501 | ||
| 100 | 1 | |a Castiñeira de Dios, Gustavo. | |
| 700 | 1 | |a Galli Vacotto, Verónica. | |
| 082 | 0 | 4 | |a 378.007 |2 21 |
| 650 | 7 | |a NOTARIOS |2 UNBIS | |
| 859 | |a DERECHO |b BIB. DERECHO |h 378.007 |i CAS |p 009814 | ||
